| 000 | 00694nam a22001817a 4500 | ||
|---|---|---|---|
| 003 | BD-DhUL | ||
| 005 | 20160906183205.0 | ||
| 008 | 160906b1997 bg ||||| |||| 00| 0 ben d | ||
| 040 | _cBD-DhUL | ||
| 082 |
_a954.92 _bISS |
||
| 100 | 1 | _aইসলাম, মুস্তাফা নূরউল | |
| 245 |
_aসময়ের মুখ তাহাদের কথা / _cমুস্তাফা নূরউল ইসলাম |
||
| 260 |
_aঢাকা : _bআগামী প্রকাশনী, _c১৯৯৭ |
||
| 300 |
_a১৬৭ পৃ. : _c২১ সে.মি. |
||
| 650 | 0 | _aবাংলাদেশ -ইতিহাস | |
| 650 | 0 | _aBangladesh- history | |
| 942 |
_2ddc _cBK |
||
| 999 |
_c104507 _d104507 |
||